NUMERICALS AND OBJECTIVES IN PHYSICS (Record no. 775)
[ view plain ]
| 000 -LEADER | |
|---|---|
| fixed length control field | 00348nam a22001337a 4500 |
| 020 ## - INTERNATIONAL STANDARD BOOK NUMBER | |
| ISBN | 978-93-392-0358-0 |
| 082 ## - DEWEY DECIMAL CLASSIFICATION NUMBER | |
| Classification number | 530 |
| Item number | MAL/P |
| 100 ## - MAIN ENTRY--AUTHOR NAME | |
| Personal name | STALIN MALHOTRA |
| 245 ## - TITLE STATEMENT | |
| Title | NUMERICALS AND OBJECTIVES IN PHYSICS |
| Remainder of title | FOR CLASS X |
| 260 ## - PUBLICATION, DISTRIBUTION, ETC. (IMPRINT) | |
| Place of publication | DELHI |
| Name of publisher | TATA McGRAW HILL EDUCATION |
| Year of publication | 2014 |
| 300 ## - PHYSICAL DESCRIPTION | |
| Number of Pages | 289 |
| 650 ## - SUBJECT ADDED ENTRY--TOPICAL TERM | |
| Topical Term | PHYSICS FOR CLASS X |
| Geographic subdivision | INDIA |
| 942 ## - ADDED ENTRY ELEMENTS (KOHA) | |
| Koha item type | Books |
| Withdrawn status | Lost status | Collection code | Home library | Current library | Shelving location | Date acquired | Source of acquisition | Cost, normal purchase price | Full call number | Accession Number | Koha item type |
|---|---|---|---|---|---|---|---|---|---|---|---|
| Reference | Main Library | Main Library | SHELF-8 C CLASS X- PHYSICS&CHEMISTRY | 24/05/2014 | purchase | 225.00 | 530 MAL/P | 08831 | Books |